Statistics for Football Legends 1994-2020

Click here to take the quiz!

General Stats

  • This quiz has been taken 502 times
  • The average score is 74 of 165

Answer Stats

NationalityClubPlayer% Correct
ArgentinaBarcelonaMessi
99%
PortugalJuventusRonaldo
99%
BrazilReal MadridRonaldo
99%
FranceReal MadridZidane
88%
Ivory CoastChelseaDrogba
87%
ItalyAC MilanMaldini
87%
SpainBarcelonaXavi
86%
EnglandLiverpoolGerrard
83%
FranceArsenalHenry
81%
GermanyBayern MünichLahm
81%
BrazilPSGNeymar
81%
SpainReal MadridRamos
81%
BrazilBarcelonaRonaldinho
81%
SpainBarcelonaIniesta
80%
CroatiaReal MadridModric
79%
EnglandChelseaLampard
76%
WalesManchester UnitedGiggs
75%
UruguayBarcelonaSuarez
74%
SwedenPSGIbrahimovic
73%
SpainReal MadridRaul
73%
NetherlandsBayern MünichRobben
73%
WalesReal MadridBale
70%
GermanyBayern MünichMüller
66%
SerbiaManchester UnitedVidic
66%
FranceReal MadridBenzema
65%
PolandBayern MünichLewandowski
65%
UruguayPSGCavani
63%
ItalyAC MilanPirlo
62%
SpainBarcelonaPuyol
62%
EnglandManchester UnitedRooney
62%
SpainReal MadridCasillas
61%
PortugalReal MadridFigo
61%
SpainBarcelonaPique
61%
GermanyDortmundReus
60%
EgyptLiverpoolSalah
60%
SpainLiverpoolTorres
60%
ItalyJuventusBuffon
59%
GermanyBayern MünichNeuer
59%
BrazilPSGSilva
59%
SpainManchester CitySilva
59%
ArgentinaManchester CityAguero
58%
BrazilAC MilanKaka
58%
IrelandManchester UnitedKeane
57%
BrazilBarcelonaRivaldo
57%
EnglandManchester UnitedBeckham
56%
Czech republicChelseaCech
56%
GermanyReal MadridKroos
56%
BrazilReal MadridRoberto Carlos
56%
EnglandManchester UnitedScholes
56%
NetherlandsArsenalvan Persie
56%
SenegalLiverpoolMane
55%
Czech republicJuventusNedved
55%
ItalyAC MilanNesta
55%
EnglandManchester UnitedFerdinand
54%
SpainBarcelonaBusquets
52%
BelgiumManchester CityDe Bruyne
52%
ArgentinaPSGDi Maria
52%
FranceBayern MünichRibery
52%
GermanyArsenalÖzil
51%
NetherlandsAC MilanSeedorf
51%
ItalyJuventusdel Piero
50%
BrazilReal MadridMarcelo
50%
ArgentinaInterZanetti
50%
EnglandTottenhamKane
49%
DenmarkManchester UnitedSchmeichel
49%
Ivory CoastManchester CityToure
49%
SpainLiverpoolAlonso
48%
BrazilBarcelonaAlves
48%
GhanaChelseaEssien
48%
BelgiumReal MadridHazard
48%
Costa RicaPSGNavas
48%
EnglandChelseaTerry
48%
ItalyJuventusChiellini
47%
ItalyAC MilanInzaghi
47%
NetherlandsManchester Unitedvan der Sar
47%
NetherlandsArsenalBergkamp
46%
EnglandLiverpoolOwen
46%
ItalyRomaTotti
46%
LiberiaAC MilanWeah
46%
EnglandChelseaCole
45%
SpainBarcelonaVilla
45%
RomaniaBarcelonaHagi
44%
AustriaBayern MünichAlaba
43%
PortugalBarcelonaDeco
43%
CroatiaBarcelonaRakitic
43%
NetherlandsLiverpoolvan Dijk
43%
ItalyJuventusCannavaro
42%
DenmarkReal MadridLaudrup
42%
NorwayManchester UnitedSolskjaer
42%
SwedenCelticLarsson
41%
GermanyDortmundHummels
40%
GermanyBayern MünichKahn
40%
BelgiumManchester CityKompany
40%
FranceArsenalVieira
40%
BrazilAC MilanCafu
39%
FranceChelseaKante
38%
SpainBarcelonaAlba
37%
GermanyChelseaBallack
37%
FranceManchester UnitedCantona
37%
ItalyAC MilanGattuso
37%
PortugalReal MadridPepe
37%
ArgentinaAC MilanCrespo
36%
FinlandAjaxLitmanen
36%
FranceReal MadridMakelele
36%
BrazilReal MadridCasemiro
35%
FranceArsenalPires
35%
GermanyBayern MünichBoateng
34%
ArgentinaBarcelonaMascherano
34%
EnglandManchester UnitedNeville
34%
GermanyBayern MünichSchweinsteiger
34%
NetherlandsInterSneijder
34%
ArgentinaManchester UnitedTevez
34%
SpainBarcelonaValdes
34%
ItalyJuventusBaggio
33%
SpainReal MadridCarvajal
33%
UruguayAtletico MadridForlan
33%
FranceJuventusTrezeguet
32%
FranceReal MadridVarane
32%
FranceManchester UnitedEvra
31%
ArgentinaInterMilito
31%
PortugalAC MilanCosta
30%
ArgentinaJuventusHiguain
30%
BrazilLyonJuninho
30%
ColombiaAtletico MadridFalcao
29%
UruguayInterGodin
29%
NetherlandsJuventusDavids
28%
NetherlandsBarcelonaKluivert
28%
ItalyChelseaZola
28%
CroatiaReal MadridSuker
27%
ArgentinaLazioVeron
27%
Trinidad and TobagoManchester UnitedYorke
27%
FranceChelseaDesailly
26%
FranceJuventusThuram
26%
SpainBarcelonaFabregas
25%
FranceBarcelonaGriezmann
25%
BrazilBarcelonaRomario
25%
NetherlandsManchester UnitedStam
25%
ItalyInterVieri
25%
BrazilLiverpoolAlisson
24%
SpainReal MadridHierro
24%
FranceBarcelonaAbidal
23%
EnglandArsenalCampbell
23%
PortugalChelseaCarvalho
23%
SerbiaChelseaIvanovic
23%
ItalyJuventusZambrotta
23%
SwedenArsenalLjungberg
22%
BrazilInterLucio
21%
EnglandLiverpoolCarragher
20%
ArgentinaVillarealRiquelme
20%
EnglandLiverpoolFowler
19%
SpainBarcelonaGuardiola
18%
GermanyArsenalLehmann
18%
BrazilInterMaicon
18%
GermanyBayern MünichMatthäus
18%
BelgiumLiverpoolOrigi
18%
FranceChelseaAnelka
17%
GermanyDortmundSammer
15%
NetherlandsAjaxde Boer
14%
SpainReal MadridMorientes
14%
NetherlandsManchester Unitedan Nistelrooy
13%
EnglandManchester UnitedSheringham
13%
UkraineAC MilanShevcenko
13%
NetherlandsBayern MünichMakaay
11%
GermanyBayern MünichEffenberg
6%
CameroonBarcelonaEto´o
2%

Score Distribution

Percentile by Number Answered

Percent of People with Each Score

Your Score History

You have not taken this quiz